| Tag |
First Indicator |
Second Indicator |
Subfields |
| LEADER |
00000cam a2200000 a 4500 |
| 001 |
in00000035134 |
| 005 |
20151007055311.0 |
| 008 |
861004s1986 ii b 00100 eng |
| 010 |
|
|
|a 86902412
|
| 020 |
|
|
|a 8170500281 :
|c Rs160.00
|
| 025 |
|
|
|a I E 52900
|
| 035 |
|
|
|a (OCoLC)15196229
|
| 035 |
|
|
|9 AAB7838AM
|
| 040 |
|
|
|a DLC
|c DLC
|d m/c
|d TXA
|d UtOrBLW
|
| 043 |
|
|
|a a-ii---
|a e-ur---
|
| 049 |
|
|
|a TXAM
|c [A11087973]
|
| 050 |
0 |
0 |
|a DS450.S65
|b S78 1986
|
| 082 |
0 |
|
|a 303.4/8254/047
|2 19
|
| 245 |
0 |
0 |
|a Studies in Indo-Soviet relations /
|c P.N. Haksar [and others] ; V.D. Chopra, editor.
|
| 264 |
|
1 |
|a New Delhi :
|b Published by Patriot Publishers on behalf of Indian Centre for Regional Affairs,
|c 1986.
|
| 300 |
|
|
|a 288 pages ;
|c 22 cm.
|
| 336 |
|
|
|a text
|b txt
|2 rdacontent
|
| 337 |
|
|
|a unmediated
|b n
|2 rdamedia
|
| 338 |
|
|
|a volume
|b nc
|2 rdacarrier
|
| 504 |
|
|
|a Includes bibliographical references and index.
|
| 651 |
|
0 |
|a India
|x Relations
|z Soviet Union.
|
| 651 |
|
0 |
|a Soviet Union
|x Relations
|z India.
|
| 700 |
1 |
|
|a Haksar, P. N.
|q (Parmeshwar Narain),
|d 1913-1998.
|
| 700 |
1 |
|
|a Chopra, V. D.
|
| 999 |
|
|
|a MARS
|
| 999 |
f |
f |
|s 1864a244-122d-3ab4-bd8d-a1bd7f8d57a2
|i e2bb8952-0e91-3892-a5d1-2e33867c6f28
|t 0
|
| 952 |
f |
f |
|p ric
|a Texas A&M University
|b Rellis Campus
|c Joint Library Facility
|d Remote Storage
|t 0
|e DS450.S65 S78 1986
|h Library of Congress classification
|i unmediated -- volume
|m A14811087973
|
| 998 |
f |
f |
|a DS450.S65 S78 1986
|t 0
|l Remote Storage
|